| 000 | 00942cam a2200253 4500 | ||
|---|---|---|---|
| 001 | ABS63588 | ||
| 008 | 000000n2001 000 0 eng u | ||
| 035 | _a(Sirsi) u111095 | ||
| 100 | _aAbbott, V. | ||
| 245 | 4 | _aThe surveyor and the coastal zone | |
| 260 | _c2001 | ||
| 490 |
_aHydrographic Journal _v(99) January 2001, 3-7(4) |
||
| 520 | _aBegins with a review of some current and future employment opportunities for the hydrographic surveyor. Argues that the surveyor working within coastal zone management is given a broader geomatics base than the traditional tasks of data gathering and processing. References. | ||
| 590 | _aABS | ||
| 650 | _aCOASTAL ZONE MANAGEMENT | ||
| 650 |
_aGeomatics _96242 |
||
| 650 | _aHYDROGRAPHIC SURVEYING | ||
| 650 | _aDATA MANAGEMENT | ||
| 650 | _aEMPLOYMENT OPPORTUNITIES | ||
| 650 | _aCOASTLINE | ||
| 650 | _aSTRATEGIC MANAGEMENT | ||
| 690 | _aMARINE RESOURCE MANAGEMENT | ||
| 942 | _n0 | ||
| 999 |
_c66185 _d66185 |
||